00812 a2200385 4500000002100000001000700021005001700028008004100045010000500086020001800091082001800109100001700127110000500144245008800149250000500237260005300242300001000295490000700305500000500312600000500317610000500322611000500327630001600332650000500348651000500353654000500358700002000363710000900383711000500392720000500397730000500402740000500407752000500412856000900417BKB 13312020200902152046.0  a a9780821848531 a515.076bK11P1 aKaczor,W. J. a1 aProblems in mathematical analysis III : Integrationcby Kaczor W. J. and Nowak M.T. a aRhode IslanbAmerican Mathematical Societyc2009 a356p. av a a a a aMathematics a a a aNowak, M.T.bc abc a a a a a adf